Research Handbook on Property, Law and Theory / (Record no. 1597)

MARC details
000 -LEADER
fixed length control field 02532cam a2200349 i 4500
001 - CONTROL NUMBER
control field data
005 - DATE AND TIME OF LATEST TRANSACTION
control field 20260322212108.0
008 - FIXED-LENGTH DATA ELEMENTS--GENERAL INFORMATION
fixed length control field data
035 ## - SYSTEM CONTROL NUMBER
System control number 23702132
010 ## - LIBRARY OF CONGRESS CONTROL NUMBER
LC control number 2024939074
020 ## - INTERNATIONAL STANDARD BOOK NUMBER
International Standard Book Number 9781802202052
Qualifying information (hardback)
020 ## - INTERNATIONAL STANDARD BOOK NUMBER
Canceled/invalid ISBN 9781802202069
Qualifying information (ebook)
040 ## - CATALOGING SOURCE
Original cataloging agency DLC
Language of cataloging eng
Description conventions rda
Transcribing agency DLC
042 ## - AUTHENTICATION CODE
Authentication code pcc
050 00 - LIBRARY OF CONGRESS CALL NUMBER
Classification number K720
Item number .R475 2024
245 00 - TITLE STATEMENT
Title Research Handbook on Property, Law and Theory /
Statement of responsibility, etc. Chris Bevan.
264 #1 - PRODUCTION, PUBLICATION, DISTRIBUTION, MANUFACTURE, AND COPYRIGHT NOTICE
Place of production, publication, distribution, manufacture Northampton :
Name of producer, publisher, distributor, manufacturer Edward Elgar Publishing,
Date of production, publication, distribution, manufacture, or copyright notice [2024]
300 ## - PHYSICAL DESCRIPTION
Extent xv, 535 pages :
Other physical details illustrations ;
Dimensions 25 cm.
336 ## - CONTENT TYPE
Content type term text
Content type code txt
Source rdacontent
337 ## - MEDIA TYPE
Media type term unmediated
Media type code n
Source rdamedia
338 ## - CARRIER TYPE
Carrier type term volume
Carrier type code nc
Source rdacarrier
490 0# - SERIES STATEMENT
Series statement Research Handbooks in Private and Commercial Law
504 ## - BIBLIOGRAPHY, ETC. NOTE
Bibliography, etc. note Includes bibliographical references and index.
520 ## - SUMMARY, ETC.
Summary, etc. "This comprehensive Research Handbook interrogates and offers historical as well as contemporary understandings of property, property law and property theory. Chapters locate the role of property in key theoretical debates and examine property's place in significant social contexts, covering topics such as Indigenous property, artificial intelligence, cryptoassets, property and the art world, environmentalism and climate change. Bringing together over 30 contributors from Asia, Australasia, Europe, and North America, the Research Handbook surveys the dynamic fields of property and property law across legal traditions through different historical, contemporary, comparative and jurisdiction-specific lenses. Contributing authors pose questions as to how property can and should be theorised and conceptualised, incorporating insights from feminist and LGBTQ+ perspectives, as well as questions surrounding property and emotion, squatting and human rights issues. Contributors explore how property operates in different legal frameworks and in these distinct contexts, reflecting on property's place in theory and society. Presenting unique insights from leading experts in the field, this prescient Research Handbook is a thought-provoking read for students and scholars of legal theory, property law, property theory and socio-legal studies"--
Assigning source Provided by publisher.
650 #0 - SUBJECT ADDED ENTRY--TOPICAL TERM
Topical term or geographic name entry element Property.
650 #0 - SUBJECT ADDED ENTRY--TOPICAL TERM
Topical term or geographic name entry element Right of property.
650 #0 - SUBJECT ADDED ENTRY--TOPICAL TERM
Topical term or geographic name entry element Property
General subdivision Philosophy.
700 1# - ADDED ENTRY--PERSONAL NAME
Personal name Bevan, Chris,
Relator term editor.
906 ## - LOCAL DATA ELEMENT F, LDF (RLIN)
a 7
b cbc
c origres
d 2
e epcn
f 20
g y-gencatlg
925 0# -
-- acquire
-- 1 shelf copy
-- policy default
Holdings
Withdrawn status Lost status Damaged status Not for loan Home library Current library Shelving location Date acquired Total checkouts Full call number Barcode Date last seen Price effective from Koha item type
        Liberty Liberty General stacks 22/03/2026   K720 LOC-LPL-00060 22/03/2026 22/03/2026 Books